Statistics for Fast Typing A to Z

Click here to take the quiz!

General Stats

  • This quiz has been taken 1,853,331 times
    (1,853,039 since last reset)
  • The average score is 22 of 26

Answer Stats

Answer% Correct
A
98%
E
95%
D
94%
B
94%
C
93%
F
92%
G
91%
H
91%
I
90%
J
89%
K
87%
L
87%
O
86%
Q
84%
R
84%
N
84%
P
84%
M
84%
S
81%
T
81%
U
80%
W
76%
V
73%
Y
70%
X
68%
Z
67%

Score Distribution

Percentile by Number Answered

Percent of People with Each Score

Your Score History

You have not taken this quiz since the last reset